| 000 | 00527nam a22001697a 4500 | ||
|---|---|---|---|
| 003 | BD-ChCU | ||
| 005 | 20251218102559.0 | ||
| 008 | 251218b bg ||||| |||| 00| 0 ben d | ||
| 040 | _cBD-ChCU | ||
| 082 | _a339.342 STM | ||
| 100 |
_aStone , Richard . _918308 |
||
| 245 |
_aThe measurement of consumers' expenditure & behaviour in the United Kingdom 1920 -1938 _cRichard , Stone . |
||
| 260 |
_aCambridge : _bUniv. press , _cC 1966 |
||
| 300 | _avol . 2 | ||
| 650 | 0 |
_aNational Income - Gt. BRIT _918309 |
|
| 942 |
_2ddc _cBK _n0 |
||
| 999 |
_c110537 _d110537 |
||